01632nab a22002657a 4500999001500000003000400015005001700019008004100036040000700077100003400084245010500118260007300223300001300296500003600309505049300345505012600838505008100964650002301045650003401068650002301102650003501125700003701160773015601197942001301353 c6523d6523OSt20260219122420.0190429b xxu||||| |||| 00| 0 spa d cPJ 92801aDe Luca, Javier Augusto10aPerspectiva de género en casos de abusos sexuales /cJavier A. De Luca, Florencia B. Canese Millo. cCiudad Autónoma de Buenos Aires :aThomson Reuters La Ley, b2024. ap. 39-52 aCita: TR LALEY AR/DOC/1701/2024 aSumario: I. Introducción.— II. Punto de partida: breve referencia al marco convencional y constitucional aplicable.— III. La debida diligencia reforzada para evitar la revictimización de la mujer víctima de violencia de género durante el proceso penal. Mecanismos procesales pertinentes: la conveniencia de la utilización de la Cámara Gesell.— IV. La debida diligencia reforzada en su matiz del deber de valorar la prueba con perspectiva de género.— V. Conclusiones. aFallo comentado: Trib. Impugnación Penal, Santa Rosa, Sala B ~ 26/04/2024 ~ M. M., C. G. s/ recurso de impugnación. tSi te interesa el texto completo, solicitalo a koha@justierradelfuego.gov.ar 09343aDERECHO PENAL 094044aPERSPECTIVA DE GÉNERO 092903aABUSO SEXUAL 091977aAPRECIACION DE LA PRUEBA 97127aCanese Millo, Florencia B.0 0265893164tRevista de derecho penal y criminología. Nº 8 - Agosto 2024dCiudad Autónoma de Buenos Aires : Thomson Reuters La Ley, 2017-x00347914 2udccANA